LEADER 00619nab a2200145 i 4500 001 000000274161 003 CaOOAMICUS 005 20101115000000.0 008 101115n xx uu u0 0und r 013 $a22637 040 $aSeMil$bita 245 14$aLes évêques dans leur temps :$bles nouveaux chantiers de l'épiscopat. - Titolo principale dalla copertina [Dossier]. 500 $a7 novembre 2010 (N° 2455). 773 0 $t[2010.$dMontrouge : Bayard, 2010.$w()184938 996 $6245$aLes évêques dans leur temps :$bles nouveaux chantiers de l'épiscopat. - Titolo principale dalla copertina [Dossier].$9(OLS)http://semarc/title/360943 LEADER 01365nam a2200289 4500 001 000000340386 003 CaOOAMICUS 005 20200702164951.0 008 200528s1969 fr a 000 u fre r 040 $aSeMil$bita 100 1 $aPaillard, Jean.$0(OLS)http://semarc/name/111435 245 10$aRèglement de comptes avec Saint Paul /$cJean Paillard ; adapté du suédois par l'auteur. 264 1$aParis :$bLes Éditions du Cerf,$c1969. 300 $a408 p. :$bc. geogr. ;$c19 cm 541 0 $aFondo mons. Pasquale Macchi 650 4$aPaolo - Studi.$0(OLS)http://semarc/subject/4742 650 4$aPaolo - Teologia.$0(OLS)http://semarc/subject/1088 650 4$aPaolo - Spiritualità.$0(OLS)http://semarc/subject/21028 650 4$aPaolo - Influssi.$0(OLS)http://semarc/subject/43919 650 4$aPaolo - Bibliografia.$0(OLS)http://semarc/subject/33436 830 0$aLire la Bible ;$v19.$0(OLS)http://semarc/title/8687 850 $aSeMil 852 $aSeMil$W1$xVenegono$y1$m2Y I 253$j220185$B231489$CSeMilBibl$Z2$F231489 $81 941 1 $a9 996 $6245$aRèglement de comptes avec Saint Paul$9(OLS)http://semarc/title/429418 996 $6264$aParis :$bLes Éditions du Cerf$9(OLS)http://semarc/publisher/29611 LEADER 00788naa a2200145 i 4500 001 000000326008 003 CaOOAMICUS 005 20180831173513.0 008 180831n xx u000 u lat u 013 $a37122 040 $aSeMil$bita 245 10$aIn festo Sanctissimi Niominis Jesu Dominica 2. post Epiphaniam. 650 4$aLibri liturgici - Messale ambrosiano - Proprio dei santi.$0(OLS)http://semarc/subject/9357 773 0 $aChiesa Cattolica$tMissae sanctorum qui novissime Ambrosiano calendario accesserunt, iussu eminentiss., ac reverendiss. d.d. Federici tituli S. Alexij ... Vicecomitis, s. Mediolan. eccl. archiepiscopi &c.$dMediolani : Apud Impressores archiepisc., 1675.$w()248767 996 $6245$aIn festo Sanctissimi Niominis Jesu Dominica 2. post Epiphaniam$9(OLS)http://semarc/title/399118